000 00649nam a2200181Ia 4500
008 090124s9999 xx 000 0 und d
082 _b18610
100 _aवाळिंबे वि. स.
245 _a राय़बरेली व त्य़ानंतर
250 _a1
260 _bश्री विद्या प्रकाशन
_c1978
300 _a180
600 _aवाळिंबे वि. स.
630 _a राय़बरेली व त्य़ानंतर
700 _aवाळिंबे वि. स.
730 _a राय़बरेली व त्य़ानंतर
942 _cBOOK
999 _c89607
_d89607